| 000 | 00802nam a2200277 i 4500 | ||
|---|---|---|---|
| 001 | 000046491 | ||
| 003 | DO-SdBNP | ||
| 005 | 20240305125519.0 | ||
| 007 | ta | ||
| 008 | 150819s2015 dr 000 p spa d | ||
| 020 | _a9789945409291 | ||
| 040 |
_aDO-SdBNP _bspa _cBNPHU _erda |
||
| 082 | 4 |
_aRD861.5 _bT853r _222 |
|
| 100 | 1 |
_aTroncoso Parady, Harry, _d1981- _974489 |
|
| 245 | 1 | 0 |
_aRuido / _cHarry Troncoso Parady. |
| 264 |
_aSanto Domingo : _bLa Diabla Ediciones, _c2015. |
||
| 300 |
_a94 páginas ; _c18 cm. |
||
| 336 |
_2rdacontent _atexto _btxt |
||
| 337 |
_2rdamedia _asin mediación _bn |
||
| 338 |
_2rdacarrier _avolumen _bnc |
||
| 490 | 0 | _aCuadernos de poesía | |
| 590 | _aInventariado, 2023/MFF | ||
| 650 | 4 | _aPoesía dominicana | |
| 650 | 4 | _aLiteratura dominicana | |
| 942 |
_2ddc _cLBS1 |
||
| 999 |
_c45980 _d45980 |
||